| 000 | 00796na a2200253 4500 | ||
|---|---|---|---|
| 001 | 19292 | ||
| 003 | MIRAKIL | ||
| 005 | 20181213155119.0 | ||
| 008 | 170112b tu 000 0 | ||
| 020 | _a9789751949424 | ||
| 040 |
_aMilas _btur _cTR-AnCHP |
||
| 041 | _atur | ||
| 082 |
_a338.47 _bT27t 2010 |
||
| 090 | _a338.47 T27t 2010 | ||
| 100 | _aTaşçı, Kamil | ||
| 245 |
_aTeorik çerçevesi ve uygulama örnekleriyle dünyada ve Türkiye'de yazılım endüstrisi _b(uzmanlık tezi) _cKamil Taşçı |
||
| 260 |
_aAnkara _bT.C. Başbakanlık Devlet Planlama Teşkilatı Müsteşarlığı _c2010 |
||
| 300 |
_a230 s. _c24 sm. |
||
| 500 | _aKaynakça var. | ||
| 502 | _aTez (Uzmanlık) | ||
| 650 |
_aYazılım sektörü _zTürkiye |
||
| 650 |
_aYazılım _zTürkiye |
||
| 942 |
_2dcc _cBKS |
||
| 999 |
_c6783 _d6783 |
||